| 000 | 00000nam 2200000zi 4500 |
| 001 | 9.905521 |
| 003 | CaOODSP |
| 005 | 20221107180845 |
| 006 | m o d f |
| 007 | cr cn||||||||| |
| 008 | 211201s1969 onca ob f000 0 fre d |
| 040 | |aCaOODSP|bfre|erda|cCaOODSP |
| 043 | |an-cn--- |
| 086 | 1 |aJS52-1/1968F-PDF |
| 086 | 1 |aJS52-1/1968F|zJS52-1-1968F |
| 110 | 2 |aComité canadien de la réforme pénale et correctionnelle.|eauteur, |eorganisme de publication |
| 245 | 10|aRapport du Comité canadien de la réforme pénale et correctionnelle : |bjustice pénale et correction : un lien à forger. |
| 264 | 1|aOttawa : |bImprimeur de la Reine pour le Canada, |c1969. |
| 300 | |a1 ressource en ligne (xii, 554 pages) : |billustrations |
| 336 | |atexte|btxt|2rdacontent/fre |
| 337 | |ainformatique|bc|2rdamedia/fre |
| 338 | |aressource en ligne|bcr|2rdacarrier/fre |
| 500 | |aPublié aussi en anglais sous le titre : Report of the Canadian Committee on Corrections : toward unity : criminal justice and corrections. |
| 500 | |a« Le 31 mars 1969. » |
| 500 | |aRapport soumis au Solliciteur général du Canada. |
| 500 | |aPrésident : Roger Ouimet. |
| 500 | |aÉdition numérisée de l'imprimé [par Sécurité publique Canada]. |
| 504 | |aComprend des références bibliographiques. |
| 650 | 6|aJustice pénale|xAdministration|zCanada. |
| 650 | 6|aServices correctionnels|zCanada. |
| 650 | 6|aDroit pénal|zCanada. |
| 650 | 6|aDroit correctionnel|zCanada. |
| 700 | 1 |aOuimet, Roger, |d1908- |
| 710 | 1 |aCanada. |bMinistère du Solliciteur général, |eorganisme de publication. |
| 775 | 08|tReport of the Canadian Committee on Corrections : |w(CaOODSP)9.905520 |
| 856 | 40|qPDF|s7.64 Mo|uhttps://publications.gc.ca/collections/collection_2021/sp-ps/JS52-1-1968-fra.pdf |